Concurso Intercentros de Matemáticas: problemas resueltos de los cinco primeros años
Gardado en:
| Main Authors: | , |
|---|---|
| Formato: | Libro |
| Idioma: | Lingua castelá |
| Publicado: |
Madrid
Nivola
2006
|
| Series: | Colección Violeta, 11
|
| Subjects: | |
| Tags: |
Engadir etiqueta
Sen Etiquetas, Sexa o primeiro en etiquetar este rexistro!
|
MARC
| LEADER | 00000cam a2200000 a 4500 | ||
|---|---|---|---|
| 001 | UCG9585 | ||
| 003 | CL-VaPUC | ||
| 008 | 120323e20060000SP |||||||||||||||||spa|d | ||
| 020 | |a 9788496566224 | ||
| 082 | 0 | 4 | |a 372.7 |b HER |2 21 |
| 100 | |a Hernández Gómez, Joaquín |e author |9 569702 | ||
| 700 | 0 | |a Donaire Moreno, Juan Jesús |e author |9 561204 | |
| 245 | 1 | 0 | |a Concurso Intercentros de Matemáticas: problemas resueltos de los cinco primeros años |
| 300 | |a 175 p | ||
| 942 | |c BK | ||
| 945 | |d 20120323 00:00:00 |a dcastane | ||
| 260 | |a Madrid |b Nivola |c 2006 | ||
| 650 | 7 | |a EJERCICIOS DE MATEMATICAS |2 CL-VaPUC |9 523499 | |
| 583 | |a last modification |c 20131129 02:45:27 |k Rodrigo Vera | ||
| 490 | 0 | |a Colección Violeta, 11 | |
| 999 | |c 347132 |d 347130 | ||